Shaping the network society : the new role of civil society in cyberspace /

Bibliographic Details
Corporate Authors: NetLibrary, Inc, DIAC (Conference)
Other Authors: Schuler, Douglas, Day, Peter, 1954-
Format: Conference Proceeding eBook
Language:English
Published: Cambridge, Mass. : MIT Press, [2004]
Subjects:
Online Access:Connect to the full text of this electronic book

MARC

Tag First Indicator Second Indicator Subfields
LEADER 00000cam a22000004a 4500
001 in00002117313
005 20190326103551.0
006 m d
007 cr cnu---unuuu
008 041207s2004 maub sb 101 0 eng d
020 |a 1417561793 (electronic bk.) 
035 |a (OCoLC)ocm57183820 
040 |a N$T  |c N$T  |d UtOrBLW 
049 |a IICN 
050 1 4 |a HM851  |b .S43 2004eb 
082 0 4 |a 303.48/33  |2 22 
245 0 0 |a Shaping the network society :  |b the new role of civil society in cyberspace /  |c edited by Douglas Schuler and Peter Day. 
264 1 |a Cambridge, Mass. :  |b MIT Press,  |c [2004] 
264 4 |c ©2004 
300 |a x, 433 pages :  |b maps ;  |c 24 cm. 
336 |a text  |b txt  |2 rdacontent 
337 |a computer  |b c  |2 rdamedia 
338 |a online resource  |b cr  |2 rdacarrier 
500 |a "An outgrowth of the Seventh DIAC symposium held in Seattle in 2000"--introduction. 
504 |a Includes bibliographical references (pages [377]-405) and index. 
505 0 |a Shaping the network society: opportunities and challenges / Douglas Schuler and Peter Day -- U.S. global cyberspace / Oliver Boyd-Barrett -- Shaping technology for the "good life": the technological imperative versus the social imperative / Gary Chapman -- Human rights in the global billboard society / Cees J. Hamelink -- A census of public computing in Toledo, Ohio / Kate Williams and Abdul Alkalimat -- A Polder model in cyberspace: Amsterdam public digital culture / Geert Lovink and Patrice Riemens -- Community networks go virtual: tracing the evolution of ICT in Buenos Aires and Montevideo / Susana Finquelievich -- Civil networking in a hostile environment: experiences in the former Yugoslavia / Veran Matic -- Rethinking telecenters: microbanks and remittance flows- reflections from Mexico / Scott S. Robinson -- The role of community networks in shaping the network society: enabling people to develop their own projects / Fiorella de Cindio -- Information technology and the international public sphere / Craig Calhoun -- What do we need to know about the future we're creating? technobiographical reflections / Howard Rheingold -- Libraries: the information commons of civil society / Nancy Kranich -- The soil of cyberspace: historical archaeologies of the Blacksburg electronic village and the Seattle community network / David Silver -- Globalization and media democracy: the case of indymedia / Douglas Morris -- Prospects for a new public sphere / Peter Day and Douglas Schuler. 
533 |a Electronic reproduction.  |b Boulder, Colo. :  |c NetLibrary,  |d 2004.  |n Available via World Wide Web.  |n Access may be limited to NetLibrary affiliated libraries. 
500 |a Electronic resource. 
650 0 |a Information technology  |x Social aspects. 
650 0 |a Computer networks  |x Social aspects. 
650 0 |a Social participation. 
650 0 |a Civil society. 
653 1 |a DIAC 
653 1 |a Network society 
653 2 |a Advanced computing 
653 2 |a Cyberspace 
655 7 |a Electronic books.  |2 local 
700 1 |a Schuler, Douglas. 
700 1 |a Day, Peter,  |d 1954- 
710 2 |a NetLibrary, Inc. 
711 2 |a DIAC (Conference)  |n (7th :  |d 2000 :  |c Seattle, Wash.) 
776 1 |c Original  |z 026219497X  |w (DLC) 2003065170  |w (OCoLC)53091439 
856 4 0 |u http://proxy.library.tamu.edu/login?url=http://www.netLibrary.com/urlapi.asp?action=summary&v=1&bookid=122548  |z Connect to the full text of this electronic book  |t 0 
994 |a 92  |b IIC 
999 |a MARS 
999 f f |s 6adde88c-4d22-38ea-b261-2450fd04019d  |i b85b0429-7d47-36a0-9fc8-13330e4d3ab6  |t 0 
952 f f |a Texas A&M University  |b College Station  |c Electronic Resources  |d Available Online  |t 0  |e HM851 .S43 2004eb  |h Library of Congress classification 
998 f f |a HM851 .S43 2004eb  |t 0  |l Available Online